000 00894cam a2200277 4500
001 34067
003 BD-RjUL
005 20211209052112.0
008 140514s1972 ne bs 001 0 eng
020 _a0444410295
035 _a(BD-RjUL)34161
040 _aDLC
_cDLC
_dDLC
_dBD-RjUL
_beng
041 1 _aeng
_hfre
082 0 0 _a301.321
_bHEO 1972
100 1 _aHenry, Louis,
_d1911-1991.
_9103538
245 1 0 _aOn the measurement of human fertility: selected writings of Louis Henry.
_cTranslated and edited by Mindel C. Sheps and Evelyne Lapierre-Adamcyk.
260 _aAmsterdam ;
_aNew York :
_bElsevier Pub. Co.,
_c1972.
300 _axix, 228 p. ;
_c23 cm.
350 _a$15.00 (U.S.)
500 _a"A Population Council book."
504 _aBibliography: p. 221-222.
650 0 _aFertility, Human.
_9103539
942 _2ddc
_cBK
999 _c34067
_d34067